000 00608nam a2200181Ia 4500
008 090124s9999 xx 000 0 und d
082 _b6607
100 _aखांबेटे द. पां.
245 _a आजारपणाचे मानसशास्त्र
250 _a0
260 _c1974
300 _a158
600 _aखांबेटे द. पां.
630 _a आजारपणाचे मानसशास्त्र
700 _aखांबेटे द. पां.
730 _a आजारपणाचे मानसशास्त्र
942 _cBOOK
999 _c85082
_d85082